000 00847nab a2200229 u 4500
001 10365
003 HDC
007 cr bn ---aaaaa
008 210104c mydr|noo 0 a may d
040 _aHDC
245 0 _aSainsbury's strips kosher food from its shelves over fear of attacks by anti-Israeli protesters picketing as Gaza demonstrators run amok in Tesco branch
260 _a[No place] :
_bMail on Sunday,
_c[No year]
336 _atext
_2rdacontent
337 _acomputer
_2rdamedia
338 _aonline resource
_2rdacarrier
650 _aHalal industry
_9144
650 _aHalal product
_948
856 _zRequest full-text at [email protected]
942 _2lcc
942 _cNEWS
942 _kNWSO 000480
999 _c7688
_d7688